| 000 | 01686namaa22003371i 4500 | ||
|---|---|---|---|
| 005 | 20260331121214.0 | ||
| 008 | 260126s1996 ua a|||fr|m|| 000 0 eng d | ||
| 040 |
_aEG-GICUC _beng _cEG-GICUC _dEG-GICUC _erda |
||
| 041 | 0 |
_aeng _beng _bara |
|
| 049 | _aDeposit | ||
| 097 | _aM.Sc | ||
| 099 | _aCai01.11.01.M.Sc.1996.As.M | ||
| 100 | 0 |
_aAshraf Mounir Amin Salama, _epreparation. |
|
| 245 | 1 | 0 |
_aMultiple pressure profile measurements of lower esophageal sphincter And the propulsion in the canine esophagus during anesthesia following an anastomosis made up to one year before / _cBy Ashraf Mounir Amin Salama; Supervised Dr. Safwat Lotfy, Dr. L. Deen, Dr. Kamelia El Demiaty, Dr. P. J. Klopper |
| 246 | 1 | 5 | _aقياس حالات الضغط التمعددة لصمام المرئ الاسفل كذلك ثياس حركة المرئ اثناء التخدير بعد عام كامل من عملية توصيل المرئ فى الحيوانات النابية |
| 264 | 0 | _c1996. | |
| 300 |
_a273 Leaves : _billustrations ; _c30 cm. + |
||
| 336 |
_2rda content _atext |
||
| 337 |
_2rdamedia _aUnmediated |
||
| 338 |
_2rdacarrier _avolume |
||
| 502 | _aThesis (M.Sc.) -Cairo University, 1996 | ||
| 504 | _aBibliography: pages 248 : 273 | ||
| 653 | 0 |
_aanesthesia _aanastomosis |
|
| 700 | 0 |
_aSafwat Lotfy _ethesis advisor. |
|
| 700 | 0 |
_aL. Deen _ethesis advisor. |
|
| 700 | 0 |
_aKamelia El Demiaty _ethesis advisor. |
|
| 700 | 0 |
_aP.J.Klopper _ethesis advisor. |
|
| 900 |
_DDepartment of Anesthesiology _FFaculty of Medicine _UCairo University _b2023 _cSafwat Lotfy _cL. Deen _cKamelia El Demiaty _cP.J.Klopper _dSafwat Lotfy |
||
| 905 |
_aNagat _eNourhan |
||
| 942 |
_2ddc _cTH _e21 _n0 |
||
| 999 | _c178029 | ||